| 000 -LEADER |
| fixed length control field |
01122pam a2200289 a 4500 |
| 001 - CONTROL NUMBER |
| control field |
2823771 |
| 003 - CONTROL NUMBER IDENTIFIER |
| control field |
NUST - PNEC |
| 005 - DATE AND TIME OF LATEST TRANSACTION |
| control field |
20170116181116.0 |
| 008 - FIXED-LENGTH DATA ELEMENTS--GENERAL INFORMATION |
| fixed length control field |
830808s1984 ne a 001 0 eng |
| 010 ## - LIBRARY OF CONGRESS CONTROL NUMBER |
| LC control number |
83016387 |
| 020 ## - INTERNATIONAL STANDARD BOOK NUMBER |
| International Standard Book Number |
0444996400 (U.S.) : |
| Terms of availability |
$95.00 (est.) |
| 040 ## - CATALOGING SOURCE |
| Original cataloging agency |
DLC |
| Transcribing agency |
LIBRARY |
| Modifying agency |
DLC |
| 041 1# - LANGUAGE CODE |
| Language code of text/sound track or separate title |
engpol |
| 050 00 - LIBRARY OF CONGRESS CALL NUMBER |
| Classification number |
TJ216 |
| Item number |
.K8513 1984 |
| 082 00 - DEWEY DECIMAL CLASSIFICATION NUMBER |
| Classification number |
629.8314 KUR |
| Edition number |
19 |
| 100 1# - MAIN ENTRY--PERSONAL NAME |
| Personal name |
Kurman, Konstanty J. |
| Fuller form of name |
(Konstanty Jan) |
| 240 10 - UNIFORM TITLE |
| Uniform title |
Teoria regulacji, podstawy-analiza-projektowanie. |
| Language of a work |
English |
| 245 10 - TITLE STATEMENT |
| Title |
Feedback control, theory and design / |
| Statement of responsibility, etc. |
Konstanty J. Kurman ; [translated by Jerzy Bachrach from the Polish]. |
| 260 ## - PUBLICATION, DISTRIBUTION, ETC. |
| Place of publication, distribution, etc. |
Amsterdam ; |
| -- |
New York : |
| Name of publisher, distributor, etc. |
Elsevier ; |
| Place of publication, distribution, etc. |
New York, NY : |
| Name of publisher, distributor, etc. |
Distribution for the U.S.A. and Canada, Elsevier Science Pub. Co., |
| Date of publication, distribution, etc. |
1984. |
| 300 ## - PHYSICAL DESCRIPTION |
| Extent |
xi, 527 p. : |
| Other physical details |
ill. ; |
| Dimensions |
24 cm. |
| 440 #0 - SERIES STATEMENT/ADDED ENTRY--TITLE |
| Title |
Studies in automation and control ; |
| Volume/sequential designation |
4 |
| 500 ## - GENERAL NOTE |
| General note |
Translation of: Teoria regulacji, podstawy-analiza-projektowanie. |
| 500 ## - GENERAL NOTE |
| General note |
Includes index. |
| 650 #0 - SUBJECT ADDED ENTRY--TOPICAL TERM |
| Topical term or geographic name entry element |
Feedback control systems. |
| General subdivision |
ME |
| 906 ## - LOCAL DATA ELEMENT F, LDF (RLIN) |
| a |
7 |
| b |
cbc |
| c |
orignew |
| d |
1 |
| e |
ocip |
| f |
19 |
| g |
y-gencatlg |
| 942 ## - ADDED ENTRY ELEMENTS (KOHA) |
| Source of classification or shelving scheme |
|
| Koha item type |
Book |